| 000 | 00567nam a2200169 i 4500 | ||
|---|---|---|---|
| 001 | 62235 | ||
| 003 | ES-MaACL | ||
| 007 | t| | ||
| 008 | 031119s1941 sp ||||1| spa d | ||
| 100 | 1 |
_aFeer, E. _949088 |
|
| 245 | 1 | 0 |
_aTratado de enfermedades de los niños / _cpor E. Feer ; traducida de la doceava [edición] alemana por Evelio Salazar. |
| 250 | _a6ª ed. española corr. y aum. | ||
| 260 |
_aBarcelona : _bMarin, _c19741 ( _fLa Neotipia) |
||
| 300 |
_aVIII, 885 p. : _bil. ; _c26 cm. |
||
| 700 | 1 |
_aSalazar, Evelio. _9101808 |
|
| 852 |
_aES-MaACL _jE-98 _bR.19250 |
||
| 999 |
_c62235 _d62235 |
||